[Event "German Masters 96th"]
[Site "Munich"]
[Date "2025.05.23"]
[Round "9"]
[White "Wagner, Dennis"]
[Black "Dobrikov, Marco"]
[Result "1-0"]
[WhiteElo "2616"]
[BlackElo "2404"]
[PlyCount "120"]
[EventDate "2025.05.15"]
[EventType "tourn"]
[EventRounds "9"]
[EventCountry "GER"]
[EventCategory "15"]
[SourceTitle "CB22_2025"]
[SourceDate "2025.05.28"]
[SourceVersion "1"]
[SourceVersionDate "2025.05.28"]
[SourceQuality "1"]

1. d4 g6 2. e4 Bg7 3. Nc3 a6 4. h4 h5 5. Be3 d6 6. Qd2 Nd7 7. 0-0-0 b5 8. a3 Bb7 9. Nh3 Rc8 10. Kb1 c5 11. dxc5 Nxc5 12. f3 Qa5 13. Bd4 Bxd4 14. Qxd4 Nf6 15. Nd5 Bxd5 16. exd5 Qa4 17. Be2 0-0 18. Nf4 Rc7 19. g4 Rb8 20. Qxa4 bxa4 21. g5 Nfd7 22. Ka2 Rcb7 23. Rb1 Kg7 24. Rhd1 Rb6 25. Rd4 e5 26. dxe6 fxe6 27. Ng2 d5 28. Rdd1 Ne5 29. Ne3 Nc6 30. Rd2 R6b7 31. Ng2 a5 32. Ne3 Rf7 33. Rf1 Ne5 34. Ng2 Rbf8 35. f4 Ne4 36. Rdd1 Nd7 37. c4 Ndc5 38. cxd5 Rb7 39. Rc1 Rfb8 40. Rc2 exd5 41. f5 gxf5 42. Nf4 Rxb2+ 43. Rxb2 Nc3+ 44. Ka1 Nb3+ 45. Rxb3 axb3 46. Kb2 Na4+ 47. Kc1 Nc3 48. Kd2 Ne4+ 49. Kd3 d4 50. Ne6+ Kg6 51. Nxd4 b2 52. Rb1 Nc5+ 53. Kc2 Rd8 54. Nc6 Re8 55. Bb5 Re4 56. Rh1 Re3 57. a4 Rb3 58. Ne5+ Kg7 59. Nd3 Rxd3 60. Bxd3 Nxa4 1-0

[Event "German Masters 96th"]
[Site "Munich"]
[Date "2025.05.17"]
[Round "3"]
[White "Dobrikov, Marco"]
[Black "Svane, Rasmus"]
[Result "1-0"]
[WhiteElo "2404"]
[BlackElo "2629"]
[PlyCount "139"]
[EventDate "2025.05.15"]
[EventType "tourn"]
[EventRounds "9"]
[EventCountry "GER"]
[EventCategory "15"]
[SourceTitle "CB22_2025"]
[SourceDate "2025.05.28"]
[SourceVersion "1"]
[SourceVersionDate "2025.05.28"]
[SourceQuality "1"]

1. e4 c6 2. d4 d5 3. exd5 cxd5 4. Bd3 Nc6 5. c3 e6 6. Bf4 Bd6 7. Bxd6 Qxd6 8. Nf3 Nge7 9. 0-0 0-0 10. Re1 Bd7 11. Nbd2 f6 12. Qb1 g6 13. c4 b6 14. a3 Qf4 15. Nb3 Rac8 16. Qc1 Qd6 17. Nbd2 g5 18. c5 Qf4 19. g3 Qg4 20. Qc3 Nf5 21. Bxf5 Qxf5 22. b4 bxc5 23. dxc5 e5 24. b5 d4 25. Qc4+ Be6 26. Qe2 Nd8 27. Ne4 Nf7 28. c6 Bd5 29. Nfd2 Qg6 30. Qh5 Kg7 31. Qxg6+ hxg6 32. f3 f5 33. Nf2 g4 34. Nd3 Rce8 35. f4 e4 36. Nb4 Be6 37. a4 Nd6 38. Na6 Re7 39. Rab1 e3 40. Nf1 Bc4 41. Nd2 Rfe8 42. Nxc4 Nxc4 43. Rbd1 Nd2 44. Kg2 d3 45. Nc5 Rd8 46. Rxe3 Rxe3 47. Rxd2 Rde8 48. Nxd3 Re2+ 49. Rxe2 Rxe2+ 50. Kf1 Rc2 51. a5 Kf6 52. Nb4 Rc1+ 53. Ke2 Ke6 54. b6 axb6 55. axb6 Rb1 56. b7 Rb2+ 57. Kd3 Rxb4 58. c7 Rxb7 59. c8Q+ Rd7+ 60. Kc4 Ke7 61. Qh8 Rd6 62. Qg7+ Ke8 63. Kc5 Ra6 64. Kd5 Kd8 65. Ke5 Kc8 66. Qg8+ Kb7 67. Qd5+ Kc7 68. Qc5+ Kb7 69. Qb5+ Rb6 70. Qxb6+ 1-0

[Event "German Masters 96th"]
[Site "Munich"]
[Date "2025.05.15"]
[Round "1"]
[White "Dobrikov, Marco"]
[Black "Keymer, Vincent"]
[Result "0-1"]
[WhiteElo "2404"]
[BlackElo "2720"]
[PlyCount "98"]
[EventDate "2025.05.15"]
[EventType "tourn"]
[EventRounds "9"]
[EventCountry "GER"]
[EventCategory "15"]
[SourceTitle "CB22_2025"]
[SourceDate "2025.05.28"]
[SourceVersion "1"]
[SourceVersionDate "2025.05.28"]
[SourceQuality "1"]

1. d4 Nf6 2. c4 e6 3. Nf3 b6 4. g3 Bb7 5. Bg2 Be7 6. 0-0 0-0 7. Nc3 Ne4 8. Re1 Nxc3 9. bxc3 d6 10. e4 Nc6 11. d5 Na5 12. dxe6 fxe6 13. Nd4 Rf6 14. e5 dxe5 15. Bxb7 Nxb7 16. Nc6 Qxd1 17. Nxe7+ Kf7 18. Rxd1 Kxe7 19. Bg5 Nd6 20. c5 bxc5 21. Rab1 Kd7 22. Bxf6 gxf6 23. Kf1 Kc6 24. Ke2 a5 25. Rb2 a4 26. f3 Nc4 27. Rbb1 h5 28. Kf2 a3 29. Ke2 f5 30. Re1 Rd8 31. Red1 Rg8 32. Re1 h4 33. Kf2 Nb2 34. Rg1 hxg3+ 35. hxg3 Kb5 36. g4 Kc4 37. g5 Kxc3 38. Ke2 c4 39. Rbc1+ Kd4 40. Kd2 Nd3 41. Rb1 c5 42. g6 Nb4 43. Rbd1 c3+ 44. Kc1+ Kc4 45. Rg2 c2 46. Rdd2 Kc3 47. Rxc2+ Nxc2 48. Rxc2+ Kd4 49. Rg2 Ke3 0-1

[Event "EU-ch 25th"]
[Site "Eforie Nord"]
[Date "2025.03.26"]
[Round "11"]
[White "Dobrikov, Marco"]
[Black "Ciorgovean, Iustin"]
[Result "1-0"]
[WhiteElo "2410"]
[BlackElo "2267"]
[PlyCount "69"]
[EventDate "2025.03.15"]
[EventType "swiss"]
[EventRounds "11"]
[EventCountry "ROU"]
[SourceTitle "CB13_2025"]
[SourceDate "2025.03.26"]
[SourceVersion "1"]
[SourceVersionDate "2025.03.26"]
[SourceQuality "1"]

1. c4 Nf6 2. Nc3 g6 3. g3 Bg7 4. Bg2 0-0 5. Nf3 d6 6. 0-0 c5 7. d4 Nc6 8. d5 Na5 9. Nd2 a6 10. Rb1 b5 11. cxb5 axb5 12. Nxb5 Qb6 13. a4 Bf5 14. e4 Bg4 15. Bf3 Bxf3 16. Qxf3 c4 17. Re1 Nd7 18. Qe2 Rfc8 19. Nf3 Nb3 20. Be3 Qb7 21. Nbd4 Rxa4 22. Nc6 Nb8 23. Nfd4 Nxd4 24. Nxd4 Kf8 25. Qf3 Ke8 26. Qg4 Rb4 27. Ra1 h5 28. Qg5 Nd7 29. Nc6 Rxc6 30. dxc6 Qxc6 31. Ra7 Rxb2 32. Qa5 Ne5 33. Rc7 Nf3+ 34. Kh1 Qxe4 35. Qa4+ 1-0

[Event "EU-ch 25th"]
[Site "Eforie Nord"]
[Date "2025.03.24"]
[Round "9"]
[White "Dobrikov, Marco"]
[Black "Ipek, Egehan"]
[Result "1-0"]
[WhiteElo "2410"]
[BlackElo "2221"]
[PlyCount "69"]
[EventDate "2025.03.15"]
[EventType "swiss"]
[EventRounds "11"]
[EventCountry "ROU"]
[SourceTitle "CB13_2025"]
[SourceDate "2025.03.26"]
[SourceVersion "1"]
[SourceVersionDate "2025.03.26"]
[SourceQuality "1"]

1. d4 d5 2. c4 c6 3. Nf3 e6 4. e3 f5 5. Nc3 Nf6 6. Bd3 Bd6 7. Ne5 Nbd7 8. f4 0-0 9. 0-0 Ne4 10. Nxe4 fxe4 11. Nxd7 Bxd7 12. Be2 g5 13. g3 Qf6 14. Kh1 Kh8 15. Bd2 Qg7 16. Qb3 Rab8 17. Bb4 Qe7 18. Bxd6 Qxd6 19. fxg5 b6 20. Rf4 c5 21. Qc3 Kg8 22. Raf1 Rxf4 23. gxf4 Rd8 24. Rd1 Bc6 25. b3 Bb7 26. Kg2 Qe7 27. dxc5 bxc5 28. Qe5 Qd6 29. Qxd6 Rxd6 30. h4 Ra6 31. Rd2 d4 32. Bg4 Kg7 33. Kg3 d3 34. f5 h6 35. f6+ 1-0

[Event "EU-ch 25th"]
[Site "Eforie Nord"]
[Date "2025.03.22"]
[Round "7"]
[White "Dobrikov, Marco"]
[Black "Zherebtsova, Alexandra"]
[Result "1-0"]
[WhiteElo "2410"]
[BlackElo "2229"]
[PlyCount "45"]
[EventDate "2025.03.15"]
[EventType "swiss"]
[EventRounds "11"]
[EventCountry "ROU"]
[SourceTitle "CB13_2025"]
[SourceDate "2025.03.26"]
[SourceVersion "1"]
[SourceVersionDate "2025.03.26"]
[SourceQuality "1"]

1. c4 Nf6 2. Nc3 e6 3. e4 d5 4. e5 d4 5. exf6 dxc3 6. bxc3 Qxf6 7. d4 Nd7 8. Nf3 h6 9. Bd3 Be7 10. Qe2 g5 11. 0-0 c5 12. Re1 0-0 13. Rb1 Re8 14. h4 Qg7 15. hxg5 hxg5 16. Ne5 Nf8 17. Qh5 Rd8 18. Bxg5 Bxg5 19. Nxf7 cxd4 20. Re5 Bf4 21. Nxd8 Bd7 22. Re4 e5 23. Rxf4 1-0

[Event "EU-ch 25th"]
[Site "Eforie Nord"]
[Date "2025.03.20"]
[Round "6"]
[White "Can, Emre"]
[Black "Dobrikov, Marco"]
[Result "1-0"]
[WhiteElo "2562"]
[BlackElo "2410"]
[PlyCount "69"]
[EventDate "2025.03.15"]
[EventType "swiss"]
[EventRounds "11"]
[EventCountry "ROU"]
[SourceTitle "CB13_2025"]
[SourceDate "2025.03.26"]
[SourceVersion "1"]
[SourceVersionDate "2025.03.26"]
[SourceQuality "1"]

1. d4 Nf6 2. c4 e6 3. Nf3 b6 4. g3 Bb7 5. Bg2 Be7 6. 0-0 0-0 7. Nc3 Ne4 8. Bd2 d6 9. d5 Nxd2 10. Nxd2 e5 11. b4 Nd7 12. a4 f5 13. e4 f4 14. a5 g5 15. Bh3 Nf6 16. Bf5 h5 17. gxf4 gxf4 18. Kh1 Bc8 19. Rg1+ Kh8 20. Rg5 Bxf5 21. exf5 Rf7 22. Nce4 Rh7 23. Nxf6 Bxf6 24. Rxh5 Qe7 25. Ne4 Rf8 26. Ra3 Rxh5 27. Qxh5+ Qh7 28. Qg4 Qg7 29. Qh3+ Kg8 30. axb6 axb6 31. Ra1 Kf7 32. Nxd6+ Ke7 33. Ne4 Rh8 34. Qg2 Qh7 35. d6+ 1-0

[Event "EU-ch Rapid"]
[Site "Skopje"]
[Date "2024.12.08"]
[Round "10"]
[White "Saric, Ante"]
[Black "Dobrikov, Marco"]
[Result "1-0"]
[WhiteElo "2482"]
[BlackElo "2407"]
[PlyCount "89"]
[EventDate "2024.12.07"]
[EventType "swiss (rapid)"]
[EventRounds "11"]
[EventCountry "MKD"]
[SourceTitle "CB50_2024"]
[SourceDate "2024.11.01"]
[SourceVersion "1"]
[SourceVersionDate "2024.11.01"]
[SourceQuality "2"]

1. Nf3 Nf6 2. c4 c6 3. Nc3 d5 4. e3 e6 5. d4 Nbd7 6. Bd3 Bd6 7. e4 dxc4 8. Bxc4 b5 9. Bxe6 fxe6 10. e5 Be7 11. exf6 gxf6 12. 0-0 0-0 13. Qe2 Nb6 14. Bh6 Rf7 15. Rad1 Nd5 16. Nxd5 Qxd5 17. b3 Bd7 18. Ne5 fxe5 19. dxe5 Qc5 20. Rxd7 Kh8 21. Be3 Qa3 22. Qh5 Rg7 23. Qh3 Rg6 24. Qf3 Rag8 25. g3 Bc5 26. Rfd1 Bxe3 27. Qxe3 a5 28. Rc7 Qxa2 29. Rdd7 R6g7 30. Rxg7 Rxg7 31. Rc8+ Rg8 32. Rxg8+ Kxg8 33. Qg5+ Kf8 34. Qf6+ Kg8 35. Qxe6+ Kf8 36. Qf6+ Kg8 37. e6 Qb1+ 38. Kg2 Qe4+ 39. f3 Qc2+ 40. Kh3 Qg6 41. Qd8+ Kg7 42. Qd7+ Kf6 43. e7 Qh6+ 44. Kg2 Qd2+ 45. Qxd2 1-0

[Event "EU-ch Rapid"]
[Site "Skopje"]
[Date "2024.12.07"]
[Round "4"]
[White "Kazakouski, Valery"]
[Black "Dobrikov, Marco"]
[Result "1/2-1/2"]
[WhiteElo "2567"]
[BlackElo "2407"]
[PlyCount "146"]
[EventDate "2024.12.07"]
[EventType "swiss (rapid)"]
[EventRounds "11"]
[EventCountry "MKD"]
[SourceTitle "CB50_2024"]
[SourceDate "2024.11.01"]
[SourceVersion "1"]
[SourceVersionDate "2024.11.01"]
[SourceQuality "2"]

1. e4 c5 2. Nf3 d6 3. d4 cxd4 4. Nxd4 Nf6 5. Nc3 a6 6. Bd3 e5 7. Nde2 Be7 8. Ng3 0-0 9. 0-0 Nc6 10. Nd5 Nxd5 11. exd5 Nb8 12. f4 Nd7 13. f5 Bg5 14. Bxg5 Qxg5 15. Ne4 Qe7 16. f6 Nxf6 17. Nxf6+ gxf6 18. Qe1 f5 19. Bxf5 Bxf5 20. Rxf5 f6 21. a4 Rf7 22. Ra3 Rc8 23. Qe2 Qc7 24. Rf2 Kh8 25. c4 Qc5 26. h3 Qd4 27. Rd3 Qb6 28. b3 f5 29. Kh2 a5 30. Rg3 f4 31. Rgf3 Rg8 32. Qb2 Rfg7 33. Rc2 Qc5 34. Re2 b6 35. Qa1 h5 36. Qc3 Rg3 37. Qd3 Qc8 38. Qe4 h4 39. Ref2 Qf8 40. Kg1 R8g5 41. Kf1 Qc8 42. Rxg3 hxg3 43. Re2 Kg7 44. Qf3 Qf5 45. Re4 Qc8 46. Re1 Qc5 47. Re4 Qa3 48. Qc3 Kf7 49. Re2 Rf5 50. Qd3 Kf6 51. Re1 Qb4 52. Re2 Qc5 53. Qf3 Qd4 54. Re4 Qd2 55. Re2 Qd1+ 56. Re1 Qd4 57. Re4 Qc5 58. Re1 Qb4 59. Re4 Rg5 60. Re2 Qa3 61. Re1 Qb2 62. Re2 Qd4 63. Re4 Qb2 64. Re2 Qb1+ 65. Re1 Qh7 66. Re4 Qf5 67. Ke2 Qc8 68. Kf1 Qc5 69. Re1 Qd4 70. Re4 Qd2 71. Re2 Qd1+ 72. Re1 Qxf3+ 73. gxf3 Kg6 1/2-1/2

[Event "EU-ch Rapid"]
[Site "Skopje"]
[Date "2024.12.07"]
[Round "6"]
[White "Mamedov, Rauf"]
[Black "Dobrikov, Marco"]
[Result "1-0"]
[WhiteElo "2656"]
[BlackElo "2407"]
[PlyCount "61"]
[EventDate "2024.12.07"]
[EventType "swiss (rapid)"]
[EventRounds "11"]
[EventCountry "MKD"]
[SourceTitle "CB50_2024"]
[SourceDate "2024.11.01"]
[SourceVersion "1"]
[SourceVersionDate "2024.11.01"]
[SourceQuality "2"]

1. e4 c5 2. Nf3 d6 3. Nc3 Nf6 4. e5 dxe5 5. Nxe5 Nbd7 6. d4 cxd4 7. Qxd4 a6 8. Bf4 e6 9. 0-0-0 Be7 10. Be2 0-0 11. Bf3 Nxe5 12. Qxd8 Rxd8 13. Bxe5 Nd7 14. Bc7 Re8 15. a4 Ra7 16. a5 Bd8 17. Bxd8 Rxd8 18. Na4 Kf8 19. Rd6 Re8 20. Rhd1 Ke7 21. b4 Ne5 22. Nb6 Nxf3 23. gxf3 e5 24. R6d5 f6 25. Rc5 Bf5 26. Rc7+ Kf8 27. c4 e4 28. fxe4 Bxe4 29. Rdd7 g5 30. Rf7+ Kg8 31. Rxf6 1-0

[Event "Budapest FS09 GM"]
[Site "Budapest"]
[Date "2024.09.11"]
[Round "5"]
[White "Sathvik, Adiga"]
[Black "Dobrikov, Marco"]
[Result "1/2-1/2"]
[WhiteElo "2378"]
[BlackElo "2369"]
[PlyCount "120"]
[EventDate "2024.09.07"]
[EventType "tourn"]
[EventRounds "9"]
[EventCountry "HUN"]
[EventCategory "6"]
[SourceTitle "EXT 2025"]
[Source "ChessBase"]
[SourceDate "2024.10.14"]
[SourceVersion "1"]
[SourceVersionDate "2024.10.14"]
[SourceQuality "1"]

1. e4 e5 2. Nf3 Nf6 3. Nxe5 d6 4. Nf3 Nxe4 5. Nc3 Nxc3 6. dxc3 Be7 7. Be3 Nc6 8. Qd2 Be6 9. 0-0-0 Qd7 10. Kb1 a6 11. h4 h6 12. b3 Bf6 13. Nd4 Nxd4 14. Bxd4 Qe7 15. g3 d5 16. Bg2 c6 17. f4 Bxd4 18. Qxd4 Qf6 19. Qc5 Qe7 20. Qd4 Qf6 21. Qc5 Qe7 22. Qf2 Qf6 23. c4 dxc4 24. Qc5 Rd8 25. Rxd8+ Kxd8 26. Bxc6 bxc6 27. Rd1+ Bd5 28. bxc4 Qe7 29. Qb6+ Qc7 30. Qd4 Ke7 31. cxd5 Rb8+ 32. Kc1 Kf8 33. dxc6 Qxc6 34. Qd6+ Qxd6 35. Rxd6 Ra8 36. c4 Ke7 37. Rd4 g5 38. hxg5 hxg5 39. fxg5 Rg8 40. Rf4 Rxg5 41. g4 Ke6 42. Kd2 Ra5 43. Kc3 Rxa2 44. Rd4 Ke5 45. Rd5+ Ke6 46. Kb4 f6 47. Ra5 Rg2 48. Rxa6+ Ke5 49. Ra5+ Ke6 50. Kb5 Rxg4 51. c5 f5 52. Kb6 Rb4+ 53. Kc7 f4 54. c6 f3 55. Ra3 Rf4 56. Ra1 f2 57. Rf1 Kd5 58. Kb7 Rb4+ 59. Kc7 Rc4 60. Kd7 Rxc6 1/2-1/2

[Event "Budapest FS09 GM"]
[Site "Budapest"]
[Date "2024.09.08"]
[Round "2"]
[White "Dobrikov, Marco"]
[Black "Neverov, Valeriy"]
[Result "1-0"]
[WhiteElo "2369"]
[BlackElo "2412"]
[PlyCount "77"]
[EventDate "2024.09.07"]
[EventType "tourn"]
[EventRounds "9"]
[EventCountry "HUN"]
[EventCategory "6"]
[SourceTitle "EXT 2025"]
[Source "ChessBase"]
[SourceDate "2024.10.14"]
[SourceVersion "1"]
[SourceVersionDate "2024.10.14"]
[SourceQuality "1"]

1. e4 c5 2. Nf3 e6 3. d4 cxd4 4. Nxd4 a6 5. Bd3 Bc5 6. Nb3 Ba7 7. Qe2 Ne7 8. Be3 Nbc6 9. Nc3 e5 10. Bxa7 Rxa7 11. Qe3 d6 12. 0-0-0 Be6 13. Rd2 0-0 14. Rhd1 b5 15. Be2 Qb8 16. Nd5 Bxd5 17. exd5 Nf5 18. Qh3 Ncd4 19. Bd3 g6 20. Nxd4 Nxd4 21. f4 b4 22. f5 Qd8 23. Qe3 Rc7 24. Rf2 Nxf5 25. Bxf5 gxf5 26. Qd2 Qh4 27. g3 Qg4 28. h3 Qe4 29. Re2 Qc4 30. b3 Qc3 31. Qg5+ Kh8 32. Qf6+ Kg8 33. Kb1 Qf3 34. Rdd2 Rfc8 35. Qxd6 e4 36. Qb6 Rc3 37. d6 e3 38. d7 exd2 39. d8Q+ 1-0

[Event "GER-ch 95th"]
[Site "Ostfildern"]
[Date "2024.08.23"]
[Round "7"]
[White "Dobrikov, Marco"]
[Black "Koelle, Tobias"]
[Result "1-0"]
[WhiteElo "2337"]
[BlackElo "2435"]
[PlyCount "81"]
[EventDate "2024.08.19"]
[EventType "swiss"]
[EventRounds "9"]
[EventCountry "GER"]
[SourceTitle "CBM 221 Extra"]
[Source "ChessBase"]
[SourceDate "2024.09.30"]
[SourceVersion "1"]
[SourceVersionDate "2024.09.30"]
[SourceQuality "1"]

1. e4 c5 2. Nf3 d6 3. d4 cxd4 4. Nxd4 Nf6 5. Nc3 a6 6. f3 e5 7. Nb3 Be6 8. Be3 Be7 9. Qd2 0-0 10. 0-0-0 Nbd7 11. g4 b5 12. g5 b4 13. Ne2 Nh5 14. Ng3 a5 15. Nxh5 a4 16. Nd4 exd4 17. Qxd4 Ne5 18. f4 Bg4 19. fxe5 Bxh5 20. Rd2 Bxg5 21. exd6 b3 22. a3 Bxe3 23. Qxe3 bxc2 24. d7 Qe7 25. Bh3 Bd1 26. Rg1 Rab8 27. Qd4 g6 28. Rg3 Qh4 29. e5 Qe7 30. e6 f6 31. Bf1 Rfd8 32. Bc4 Kg7 33. Ba2 Rb5 34. Rc3 Re5 35. Qd6 Qxd6 36. Rxd6 Re1 37. Rc8 Bg4+ 38. Kxc2 Re2+ 39. Rd2 Bf5+ 40. Kd1 Rxd2+ 41. Kxd2 1-0

[Event "GER-ch 95th"]
[Site "Ostfildern"]
[Date "2024.08.22"]
[Round "6"]
[White "Dobrikov, Marco"]
[Black "Braun, Georg"]
[Result "1-0"]
[WhiteElo "2337"]
[BlackElo "2381"]
[PlyCount "87"]
[EventDate "2024.08.19"]
[EventType "swiss"]
[EventRounds "9"]
[EventCountry "GER"]
[SourceTitle "CBM 221 Extra"]
[Source "ChessBase"]
[SourceDate "2024.09.30"]
[SourceVersion "1"]
[SourceVersionDate "2024.09.30"]
[SourceQuality "1"]

1. Nf3 d5 2. d4 e6 3. c4 a6 4. c5 b6 5. cxb6 c5 6. Nc3 Bb7 7. Bf4 Bd6 8. dxc5 Bxc5 9. Bc7 Qe7 10. e3 Nd7 11. Qb3 Bd6 12. Bxd6 Qxd6 13. Na4 Ngf6 14. Be2 0-0 15. 0-0 Rfb8 16. Rac1 Bc6 17. Rc2 Bxa4 18. Qxa4 Nxb6 19. Qd4 Nbd7 20. Rfc1 a5 21. a4 Rb4 22. Qd1 g6 23. Bb5 Ne5 24. Nd4 Qb6 25. h3 Kg7 26. b3 g5 27. Rc7 Ne8 28. Bxe8 Rxe8 29. Qh5 h6 30. R1c6 Qb8 31. Rxe6 Rxe6 32. Nxe6+ Kf6 33. Qxh6+ Ng6 34. Qg7+ Kxe6 35. Qxf7+ Ke5 36. Rd7 Nf4 37. exf4+ Kd4 38. Qxd5+ Kc3 39. fxg5 Kb2 40. Qxa5 Qf4 41. Qd5 Ka3 42. Qd2 Qe4 43. Qc1+ Kxb3 44. Qe3+ 1-0

[Event "GER-ch 95th"]
[Site "Ostfildern"]
[Date "2024.08.20"]
[Round "2"]
[White "Dobrikov, Marco"]
[Black "Petrovsky, Vadim"]
[Result "0-1"]
[WhiteElo "2337"]
[BlackElo "1678"]
[PlyCount "84"]
[EventDate "2024.08.19"]
[EventType "swiss"]
[EventRounds "9"]
[EventCountry "GER"]
[SourceTitle "CBM 221 Extra"]
[Source "ChessBase"]
[SourceDate "2024.09.30"]
[SourceVersion "1"]
[SourceVersionDate "2024.09.30"]
[SourceQuality "1"]

1. e4 e5 2. Nf3 Nc6 3. Bc4 Nf6 4. d3 h6 5. 0-0 d6 6. Nc3 g5 7. Ne2 Na5 8. Bb5+ c6 9. Ba4 b5 10. Bb3 Bg7 11. Ng3 Qe7 12. Re1 Nh7 13. Nd2 0-0 14. Ndf1 Nxb3 15. axb3 f5 16. Nxf5 Bxf5 17. exf5 Rxf5 18. Ng3 Rf7 19. d4 Qf6 20. Ne4 Qe6 21. Be3 d5 22. Nc5 Qd6 23. dxe5 Bxe5 24. Bd4 Re7 25. Rxe5 Rxe5 26. Bxe5 Qxe5 27. Qh5 Qxb2 28. Qg6+ Kh8 29. Re1 Qf6 30. Re8+ Rxe8 31. Qxe8+ Nf8 32. g3 Kg7 33. Qa8 Kg6 34. Qxa7 Ne6 35. Nd3 Nd4 36. Qc7 Qe6 37. h4 Qe4 38. Nc5 Nf3+ 39. Kf1 Nd2+ 40. Kg1 Qe1+ 41. Kg2 Qf1+ 42. Kh2 Nf3# 0-1

[Event "GER-ch 95th"]
[Site "Ostfildern"]
[Date "2024.08.19"]
[Round "1"]
[White "Weidenhoefer, Max"]
[Black "Dobrikov, Marco"]
[Result "0-1"]
[WhiteElo "2085"]
[BlackElo "2337"]
[PlyCount "90"]
[EventDate "2024.08.19"]
[EventType "swiss"]
[EventRounds "9"]
[EventCountry "GER"]
[SourceTitle "CBM 221 Extra"]
[Source "ChessBase"]
[SourceDate "2024.09.30"]
[SourceVersion "1"]
[SourceVersionDate "2024.09.30"]
[SourceQuality "1"]

1. e4 c5 2. Nf3 d6 3. d4 cxd4 4. Nxd4 Nf6 5. Nc3 a6 6. Be3 e6 7. f3 b5 8. a3 Nbd7 9. g4 Nb6 10. Qd2 Bb7 11. 0-0-0 Rc8 12. h4 Nfd7 13. g5 Ne5 14. h5 Nbc4 15. Bxc4 Nxc4 16. Qe1 Qc7 17. Bd2 Qb6 18. Nb3 a5 19. Qg1 Qa6 20. Na2 b4 21. a4 Qc6 22. Nd4 Qxa4 23. Kb1 e5 24. Nb3 Qb5 25. g6 a4 26. gxf7+ Kxf7 27. Nbc1 d5 28. Qg4 Na3+ 29. Ka1 Nxc2+ 30. Kb1 d4 31. Qf5+ Ke8 32. Bg5 Rc6 33. Nd3 b3 34. Nc3 dxc3 35. Nxe5 Na3+ 36. bxa3 c2+ 37. Kb2 Bxa3+ 38. Kxa3 Qc5+ 39. Kb2 Qc3+ 40. Ka3 b2+ 41. Kxa4 Ra6+ 42. Kb5 Ra5+ 43. Kb6 Qc5+ 44. Kxb7 Ra7+ 45. Kb8 Qc7# 0-1

[Event "Cambrai"]
[Site "Cambrai"]
[Date "2024.06.30"]
[Round "3"]
[White "Dobrikov, Marco"]
[Black "Lesueur, Gabriel"]
[Result "1-0"]
[WhiteElo "2359"]
[BlackElo "2240"]
[PlyCount "59"]
[EventDate "2024.06.02"]
[EventType "tourn"]
[EventRounds "9"]
[EventCountry "FRA"]
[EventCategory "4"]
[SourceTitle "CBM 221 Extra"]
[Source "ChessBase"]
[SourceDate "2024.09.30"]
[SourceVersion "1"]
[SourceVersionDate "2024.09.30"]
[SourceQuality "1"]

1. d4 Nf6 2. c4 b6 3. Nc3 Bb7 4. d5 e6 5. a3 g6 6. e4 d6 7. Bd3 exd5 8. cxd5 Bg7 9. Nf3 0-0 10. 0-0 Re8 11. Bg5 c6 12. Rc1 h6 13. Bh4 a6 14. dxc6 Nxc6 15. Bc4 b5 16. Ba2 b4 17. axb4 g5 18. Bg3 Nxb4 19. Bxf7+ Kxf7 20. Qb3+ Kg6 21. Qxb4 Bxe4 22. Nxe4 Nxe4 23. Rfd1 Rb8 24. Qa4 Rxb2 25. Ne5+ Bxe5 26. Qxe4+ Kf6 27. f4 Qb6+ 28. Kh1 Bxf4 29. Qxe8 Bxc1 30. Rxd6+ 1-0

[Event "Cambrai"]
[Site "Cambrai"]
[Date "2024.06.30"]
[Round "2"]
[White "Lucas, Arthur"]
[Black "Dobrikov, Marco"]
[Result "1-0"]
[WhiteElo "2323"]
[BlackElo "2359"]
[PlyCount "77"]
[EventDate "2024.06.02"]
[EventType "tourn"]
[EventRounds "9"]
[EventCountry "FRA"]
[EventCategory "4"]
[SourceTitle "CBM 221 Extra"]
[Source "ChessBase"]
[SourceDate "2024.09.30"]
[SourceVersion "1"]
[SourceVersionDate "2024.09.30"]
[SourceQuality "1"]

1. e4 c5 2. Nf3 d6 3. d4 cxd4 4. Nxd4 Nf6 5. Nc3 a6 6. Be2 e5 7. Nf3 Be7 8. Bg5 Nbd7 9. a4 h6 10. Be3 b6 11. Bc4 Bb7 12. Qd3 Qc7 13. 0-0 0-0 14. Rfd1 Rfd8 15. Nd2 Bf8 16. h3 g6 17. Nf1 Kg7 18. Rd2 Nc5 19. Bxc5 dxc5 20. Bd5 Nxd5 21. Nxd5 Bxd5 22. exd5 c4 23. Qc3 b5 24. axb5 axb5 25. Rxa8 Rxa8 26. b3 Bd6 27. bxc4 bxc4 28. Rd1 Ra3 29. Qb2 f5 30. Qb5 c3 31. Ne3 Ra5 32. Qe8 Rc5 33. Ra1 f4 34. Ra8 fxe3 35. Qh8+ Kf7 36. Rg8 Rxd5 37. Qh7+ Ke6 38. Rxg6+ Kf5 39. Rg7+ 1-0

[Event "Bodensee op"]
[Site "Bregenz"]
[Date "2024.05.12"]
[Round "9"]
[White "Kienboeck, Benjamin"]
[Black "Dobrikov, Marco"]
[Result "0-1"]
[WhiteElo "2233"]
[BlackElo "2364"]
[PlyCount "74"]
[EventDate "2024.05.04"]
[EventType "swiss"]
[EventRounds "9"]
[EventCountry "AUT"]
[SourceTitle "CBM 220 Extra"]
[Source "ChessBase"]
[SourceDate "2024.07.31"]
[SourceVersion "1"]
[SourceVersionDate "2024.07.31"]
[SourceQuality "1"]

1. e4 e6 2. d4 d5 3. Nc3 Bb4 4. e5 c5 5. a3 Bxc3+ 6. bxc3 Qa5 7. Bd2 Qa4 8. h4 b6 9. h5 h6 10. Qg4 Kf8 11. Rh3 Ne7 12. Bd3 Nf5 13. c4 Nc6 14. Nf3 Nce7 15. c3 Ba6 16. Qf4 Bxc4 17. Bxc4 dxc4 18. g4 Nd5 19. Qe4 Nfe7 20. dxc5 bxc5 21. Nh4 Rb8 22. Rb1 Rb6 23. Rxb6 axb6 24. g5 hxg5 25. Bxg5 Rxh5 26. Qg4 g6 27. Nxg6+ fxg6 28. Rxh5 gxh5 29. Qxh5 Qc2 30. Qh8+ Kf7 31. Bh6 Qxc3+ 32. Kf1 Qd3+ 33. Ke1 Qb1+ 34. Kd2 c3+ 35. Ke2 Qe4+ 36. Kf1 Qh1+ 37. Ke2 Nf4+ 0-1

[Event "Titled Tuesday intern op 23rd Apr Early"]
[Site "Chess.com INT"]
[Date "2024.04.23"]
[Round "2"]
[White "Dobrikov, Marco"]
[Black "Osinovsky, Stepan"]
[Result "1-0"]
[WhiteElo "2364"]
[BlackElo "2241"]
[PlyCount "45"]
[EventDate "2024.04.23"]
[EventType "swiss (blitz)"]
[EventRounds "11"]
[EventCountry "USA"]
[SourceTitle "EXT 2025"]
[Source "ChessBase"]
[SourceDate "2024.10.14"]
[SourceVersion "1"]
[SourceVersionDate "2024.10.14"]
[SourceQuality "1"]

1. c4 Nf6 2. g3 g6 3. Bg2 Bg7 4. Nf3 0-0 5. 0-0 d6 6. d4 Nbd7 7. b3 e5 8. dxe5 Ng4 9. Bb2 Ndxe5 10. Nd4 Qg5 11. Nc3 Qh5 12. h3 Nh6 13. f4 Bxh3 14. fxe5 Bxe5 15. Nd5 Bxg3 16. Nf6+ Kh8 17. Nxh5 Bxg2 18. Ne6+ Kg8 19. Nf6+ Kh8 20. Nd5+ Be5 21. Bxe5+ dxe5 22. Nxf8 Rxf8 23. Kxg2 1-0